[Event "12e Tournoi de Noël"]
[Site "Montigny le Bretonneux"]
[Date "2009.12.29"]
[Round "5.14"]
[White "Danzanvilliers, Patrice"]
[Black "Verkarre, Sylvie"]
[Result "1-0"]
[WhiteElo "1855"]
[BlackElo "1520"]
[Annotator "Rivier,Sylvain"]
[PlyCount "75"]

{Partie italienne} 1. e4 e5 2. Nf3 Nc6 3. d4 exd4 4. Bc4 h6 5. O-O d6 6. Nxd4
Nf6 7. Nc3 Be7 8. h3 O-O 9. Be3 Nxd4 10. Bxd4 c6 11. a4 Be6 12. Bxe6 fxe6 13.
Qe2 Qe8 14. e5 Nd5 15. exd6 Bxd6 16. Ne4 Bc7 17. Rfe1 Qg6 18. c4 Nf4 19. Qg4
Qxg4 20. hxg4 {#} Rae8 21. Bc5 Rf7 22. Nd6 Bxd6 23. Bxd6 Nd3 24. Re2 e5 25. Rd1
e4 26. Rxd3 exd3 27. Rxe8+ Kh7 28. Re1 Rd7 29. c5 b6 30. Rd1 bxc5 31. Bxc5 a5
32. f3 Rd5 33. Be3 c5 34. b3 Kg6 35. Kf2 Kf6 36. Bd2 Ke6 37. Bc3 g5 38. Ke3 1-0

[Event "12e Tournoi de Noël"]
[Site "Montigny le Bretonneux"]
[Date "2009.12.29"]
[Round "5.15"]
[White "Galopin, Gregory"]
[Black "Mourgues, Joelle"]
[Result "0-1"]
[WhiteElo "1590"]
[BlackElo "1792"]
[Annotator "Rivier,Sylvain"]
[PlyCount "88"]

{Défense nimzo-indienne} 1. d4 Nf6 2. c4 e6 3. Nc3 Bb4 4. Bd2 Bxc3 5. Bxc3 Ne4
6. Bb4 d6 7. e3 f5 8. Bd3 Nf6 9. Nf3 b6 10. c5 O-O 11. cxd6 cxd6 12. Bc4 Ne4
13. Nd2 Nc6 14. Nxe4 fxe4 15. Ba3 Na5 16. Bb5 Rf5 17. Ba4 Ba6 18. b4 Nc4 19.
Bb3 d5 20. Bc1 Nd6 21. a4 Qg5 22. g3 Raf8 23. Ra2 Bc4 24. Bxc4 Nxc4 25. f4 exf3
{#} 26. e4 Qg4 27. exf5 Qe4+ 28. Kf2 Qxf5 29. Rf1 Nd6 30. Kg1 Ne4 31. Qc2 Qg4
32. Be3 h5 33. Bf2 h4 34. a5 Qh3 35. Be3 hxg3 36. hxg3 Qxg3+ 37. Kh1 Rf6 38.
Qh2 Rg6 39. Rg1 f2 40. Bxf2 Qf3+ 41. Rg2 Qd1+ 42. Qg1 Qf3 43. Qf1 Ng3+ 44. Bxg3
Qxf1+ 0-1

[Event "12e Tournoi de Noël"]
[Site "Montigny le Bretonneux"]
[Date "2009.12.29"]
[Round "5.16"]
[White "Couradin, Bruno"]
[Black "Habunek, Patrick"]
[Result "1/2-1/2"]
[WhiteElo "1630"]
[BlackElo "1786"]
[Annotator "Rivier,Sylvain"]
[PlyCount "90"]

{Défense sicilienne, attaque Sozin} 1. e4 c5 2. Nf3 d6 3. d4 cxd4 4. Nxd4 Nf6
5. Nc3 a6 6. a4 Nc6 7. Bc4 e6 8. Bg5 Be7 9. Nb3 Qc7 10. O-O O-O 11. f4 h6 12.
Bh4 Nb4 13. Bd3 Nxd3 14. cxd3 b6 15. Rc1 Qd8 16. Qe2 Bb7 17. Rc2 Rc8 18. Rfc1
Nd7 19. Bxe7 Qxe7 20. Nd4 Nf6 21. f5 Qd7 22. g4 d5 23. e5 Nh7 24. Qe3 exf5 25.
gxf5 Qe7 26. Rg2 Kh8 27. f6 {#} Nxf6 28. Rxg7 Ng8 29. Rf1 Qh4 30. Rfxf7 Rxf7
31. Rxf7 Ne7 32. e6 Rg8+ 33. Kh1 Rg7 34. Qe5 Qg4 35. Rxg7 Qxg7 36. Qb8+ Nc8 37.
Qf4 Ne7 38. h3 Qg5 39. Qf8+ Kh7 40. Qf7+ Kh8 41. Kh2 Qe5+ 42. Kh1 Qxd4 43. Qxe7
Qf2 44. Qe8+ Kg7 45. Qf7+ Qxf7 1/2-1/2

[Event "12e Tournoi de Noël"]
[Site "Montigny le Bretonneux"]
[Date "2009.12.29"]
[Round "5.17"]
[White "Hurlot, Rodolphe"]
[Black "Couronne, Patrice"]
[Result "1-0"]
[WhiteElo "1745"]
[BlackElo "1768"]
[Annotator "Rivier,Sylvain"]
[PlyCount "108"]

{Début Réti} 1. Nf3 Nf6 2. b3 d6 3. Bb2 e5 4. d3 Nc6 5. Nbd2 h6 6. g3 Bg4 7. h3
Be6 8. Bg2 Be7 9. O-O Qd7 10. Kh2 g5 11. Ng1 Nh5 12. e3 Ng7 13. d4 exd4 14.
exd4 d5 15. c4 O-O-O 16. c5 f5 17. a3 h5 18. b4 h4 19. b5 {#} hxg3+ 20. fxg3
Nb8 21. b6 a6 22. bxc7 Qxc7 23. Kh1 Nc6 24. Qe1 Rh5 25. Ndf3 Rdh8 26. Nh2 R5h6
27. Ngf3 g4 28. Ng1 Nh5 29. Ne2 gxh3 30. Bf3 Rg8 31. Bxh5 Rxh5 32. Nf4 Bf7 33.
Nxh5 Bxh5 34. Qe6+ Kb8 35. Qxg8+ Ka7 36. Nf3 Bg4 37. Kh2 Qa5 38. Rad1 Qb5 39.
Rf2 Bxf3 40. Rxf3 Qxb2+ 41. Kxh3 Qe2 42. Rdf1 Nxd4 43. Qxd5 Nxf3 44. Qxf3 Qc4
45. Rb1 Qe4 46. Qxe4 fxe4 47. Rc1 e3 48. Kg2 Kb8 49. Kf3 Bg5 50. Rd1 Kc7 51.
Rd5 Bh6 52. g4 Bf8 53. g5 Kc6 54. Rf5 b5 1-0

[Event "12e Tournoi de Noël"]
[Site "Montigny le Bretonneux"]
[Date "2009.12.29"]
[Round "5.18"]
[White "Brisson, Michele"]
[Black "Jean, Robert"]
[Result "0-1"]
[WhiteElo "1290"]
[BlackElo "1809"]
[Annotator "Rivier,Sylvain"]
[PlyCount "68"]

{Défense est-indienne, variante orthodoxe} 1. d4 Nf6 2. c4 g6 3. Nc3 Bg7 4. e4
d6 5. Nf3 O-O 6. Be2 e5 7. d5 Nbd7 8. O-O Nc5 {#} 9. b4 Ncxe4 10. Nxe4 Nxe4 11.
Qd3 f5 12. Nd2 Nf6 13. Bb2 Qe8 14. Qe3 Bd7 15. Nb3 b6 16. Rac1 Kh8 17. Qd2 Rf7
18. c5 Qf8 19. c6 Bc8 20. a4 f4 21. h3 Bf5 22. f3 Re7 23. g4 fxg3 24. Bd3 Bh6
25. Qe2 Bxc1 26. Bxc1 Nxd5 27. Bc4 Be6 28. Qd2 Nf4 29. Bxe6 Rxe6 30. h4 Qf5 31.
Qb2 Nd3 32. Qc3 Qh3 33. Rd1 Qh2+ 34. Kf1 Qf2# 0-1

[Event "12e Tournoi de Noël"]
[Site "Montigny le Bretonneux"]
[Date "2009.12.29"]
[Round "5.19"]
[White "Guillot, Alain"]
[Black "Mauron, Regis"]
[Result "1-0"]
[WhiteElo "1759"]
[BlackElo "1585"]
[Annotator "Rivier,Sylvain"]
[PlyCount "119"]

{Ouverture anglaise, variante sicilienne inversée} 1. c4 e5 2. Nc3 Nf6 3. g3
Nc6 4. Bg2 Be7 5. Nf3 O-O 6. d3 d6 7. Rb1 a5 8. a3 Rb8 9. O-O Bf5 10. b4 axb4
11. axb4 d5 12. b5 Na5 13. cxd5 Nxd5 14. Nxd5 Qxd5 {#} 15. e4 Bxe4 16. dxe4
Qxe4 17. Bb2 Qf5 18. Qe1 Nc4 19. Nxe5 Nxb2 20. Rxb2 Bf6 21. f4 Rfe8 22. Re2 Rf8
23. g4 Qc8 24. f5 Be7 25. Qc1 Bd6 26. Qc4 Qd8 27. Rfe1 Ra8 28. Bxb7 Ra3 29. Bg2
Qh4 30. Nf3 Qd8 31. Ra2 Rxa2 32. Qxa2 Bc5+ 33. Kh1 Qd6 34. Qd2 Qb6 35. Qd7 Bd6
36. Re8 Qc5 37. Rxf8+ Bxf8 38. Qe8 Qc1+ 39. Qe1 Qc4 40. h3 Qxb5 41. Qe4 Qc5 42.
Ne5 Qd6 43. Qd5 Qa3 44. Qxf7+ Kh8 45. Nf3 h6 46. f6 Qa1+ 47. Ng1 Qxf6 48. Qxf6
gxf6 49. Bc6 Kh7 50. Nf3 Bd6 51. Nh4 Bg3 52. Nf5 Kg6 53. Nxg3 Kg5 54. Kg2 Kg6
55. Kf3 Kg7 56. Kf4 Kg6 57. Be4+ Kg7 58. Kf5 c5 59. Nh5+ Kf7 60. Nxf6 1-0

[Event "12e Tournoi de Noël"]
[Site "Montigny le Bretonneux"]
[Date "2009.12.29"]
[Round "5.20"]
[White "Vallobra, Thierry"]
[Black "Clement-Demange, Bernard"]
[Result "1/2-1/2"]
[WhiteElo "1420"]
[BlackElo "1735"]
[Annotator "Rivier,Sylvain"]
[PlyCount "74"]

{Défense Grünfeld, variante fermée} 1. d4 d5 2. c4 c6 3. e3 g6 4. Nf3 Bg7 5.
Nc3 Nf6 6. Bd3 O-O 7. O-O dxc4 8. Bxc4 Qc7 9. h3 Nbd7 10. Re1 Nb6 11. Bd3 Nfd7
12. e4 e5 13. Be3 exd4 14. Bxd4 Ne5 15. Bxe5 Bxe5 16. Nxe5 Qxe5 17. Qd2 Rd8 18.
Qe3 Be6 19. Qf3 Rd6 20. Rac1 Rad8 21. Red1 Bc4 22. Be2 Bxe2 23. Qxe2 f5 {#} 24.
Rxd6 Rxd6 25. Re1 fxe4 26. Nxe4 Rd7 27. Nc3 Qxe2 28. Rxe2 Kf7 29. g4 Re7 30.
Rxe7+ Kxe7 31. Ne4 Nd7 32. Kg2 b6 33. Kg3 h6 34. f4 Nf6 35. Nxf6 Kxf6 36. Kf3
Ke6 37. Ke4 a5 1/2-1/2

[Event "12e Tournoi de Noël"]
[Site "Montigny le Bretonneux"]
[Date "2009.12.29"]
[Round "5.21"]
[White "Mongey, Kilian"]
[Black "Canto, Jean-Louis"]
[Result "1/2-1/2"]
[WhiteElo "1670"]
[BlackElo "1610"]
[Annotator "Rivier,Sylvain"]
[PlyCount "118"]

{Gambit dame, défense Cambridge-Springs} 1. d4 d5 2. c4 e6 3. Nc3 Nf6 4. Nf3
Nbd7 5. Bg5 c6 6. e3 Qa5 7. a3 Ne4 8. Qa4 Qxa4 9. Nxa4 Nxg5 10. Nxg5 dxc4 11.
Nc3 Be7 12. Nge4 b5 13. a4 f5 14. Nd2 Bb4 15. axb5 Bxc3 16. bxc3 cxb5 17. Ra5
a6 18. Be2 O-O 19. Bf3 Rb8 20. O-O Nb6 {#} 21. Rb1 Nd5 22. Bxd5 exd5 23. Nf3
Ra8 24. Ne5 Be6 25. Nc6 Bd7 26. Ne7+ Kh8 27. Nxd5 Ra7 28. g3 Bc6 29. Nb4 Bb7
30. Nc2 Be4 31. Rb2 Bxc2 32. Rxc2 Rd8 33. Rb2 Rd5 34. Rb4 Rdd7 35. Kg2 g6 36.
h3 Kg7 37. f3 Kf6 38. e4 fxe4 39. fxe4 Ke6 40. Ra2 Rf7 41. Re2 Rab7 42. Ra2 Ra7
43. g4 h6 44. Rbb2 h5 45. Rf2 Rxf2+ 46. Kxf2 hxg4 47. hxg4 g5 48. Kg3 a5 49.
Rb2 Rb7 50. Kf2 b4 51. cxb4 axb4 52. Ke2 b3 53. Kd2 Ra7 54. Kc3 Rc7 55. Rh2 Kd6
56. Rh6+ Kd7 57. Rg6 Rc6 58. Rg7+ Kd6 59. Rb7 Rc8 1/2-1/2

[Event "12e Tournoi de Noël"]
[Site "Montigny le Bretonneux"]
[Date "2009.12.29"]
[Round "5.22"]
[White "Bouloc, Roger"]
[Black "Couradin, Jean-Marie"]
[Result "0-1"]
[WhiteElo "1460"]
[BlackElo "1755"]
[Annotator "Rivier,Sylvain"]
[PlyCount "83"]

{Défense sicilienne, attaque Canal-Sokolsky} 1. e4 c5 2. Nf3 d6 3. Bb5+ Nc6 4.
Nc3 Bd7 5. O-O g6 6. d4 cxd4 7. Nxd4 Bg7 8. Bxc6 bxc6 9. Qd3 Nf6 10. Re1 O-O
11. Rb1 Qc7 12. a3 a6 13. Bg5 e6 14. Nf3 Ng4 15. h3 Nf6 16. Red1 d5 17. e5 Ne8
18. Be7 Bxe5 19. Nxe5 Qxe5 20. Re1 Qg7 21. Bxf8 Kxf8 22. Ne2 e5 {#} 23. Qb3 Nd6
24. Qb4 Qf6 25. Ng3 Kg7 26. b3 Nb5 27. Rbd1 Be6 28. c4 dxc4 29. bxc4 a5 30. Qb3
Nd4 31. Qc3 c5 32. Ne4 Qe7 33. Rc1 Qc7 34. Qg3 f6 35. h4 h5 36. Qe3 Rb8 37. Nd2
Bf5 38. Rc3 Rb2 39. Qe2 Nxe2+ 40. Rxe2 Qd7 41. Rb3 Rxb3 42. Nxb3 0-1

[Event "12e Tournoi de Noël"]
[Site "Montigny le Bretonneux"]
[Date "2009.12.30"]
[Round "6.1"]
[White "Ider, Borya"]
[Black "Martsynovskaya, Marina"]
[Result "1/2-1/2"]
[WhiteElo "2276"]
[BlackElo "2204"]
[Annotator "Rivier,Sylvain"]
[PlyCount "109"]

{Défense hollandaise} 1. d4 d5 2. g3 e6 3. Bg2 f5 4. Nh3 Nf6 5. O-O c5 6. c4
cxd4 7. cxd5 e5 8. e3 Bc5 9. exd4 Bxd4 10. Nc3 O-O 11. Qb3 h6 12. Nb5 Bb6 13.
Be3 Na6 14. Rac1 Ne4 15. Rfd1 Nd6 16. Nxd6 Qxd6 17. f4 e4 18. Nf2 Bd7 19. Bf1
Rac8 20. Bxa6 bxa6 21. Rc6 Qb8 22. Bxb6 axb6 23. Rxb6 Qa8 24. Rb7 Rb8 25. Rxb8
Rxb8 26. Qa3 Qa7 27. Re1 Qb6 28. Qe7 Bb5 29. d6 Re8 30. Qc7 Qxc7 31. dxc7 Kf7
32. Rc1 Rc8 33. Nd1 Ke6 34. Ne3 g6 35. Kf2 Kd6 36. g4 Bd7 37. Nc4+ Kxc7 38.
Ne5+ Kd6 39. Rd1+ Ke6 40. Rxd7 Rc2+ 41. Ke3 Rxh2 42. Rg7 {#} g5 43. Rg6+ Kd5
44. gxf5 Rh3+ 45. Ke2 gxf4 46. f6 f3+ 47. Kf2 Rh2+ 48. Kf1 Kxe5 49. f7 e3 50.
f8=Q e2+ 51. Kg1 e1=Q+ 52. Kxh2 Qh4+ 53. Kg1 Qe1+ 54. Kh2 Qh4+ 55. Kg1 1/2-1/2

[Event "12e Tournoi de Noël"]
[Site "Montigny le Bretonneux"]
[Date "2009.12.30"]
[Round "6.2"]
[White "Guliyev, Namig"]
[Black "Riazuelo, Gilles"]
[Result "1-0"]
[WhiteElo "2514"]
[BlackElo "2102"]
[Annotator "Rivier,Sylvain"]
[PlyCount "63"]

{Défense sicilienne, variante Alapine} 1. e4 c5 2. c3 Nf6 3. e5 Nd5 4. Nf3 e6
5. Na3 d6 6. exd6 Bxd6 7. Nc4 Be7 8. d4 O-O 9. Be2 cxd4 10. Nxd4 a6 11. a4 Nd7
12. O-O N7f6 13. Re1 Qc7 14. Bd3 b6 15. Qf3 Re8 16. Ne5 Bb7 17. Qh3 Bd6 18. Ng4
h6 {#} 19. Bxh6 gxh6 20. Nxf6+ Nxf6 21. Qxh6 Qd8 22. Re3 Ng4 23. Qh7+ Kf8 24.
Qh8+ Ke7 25. Rxe6+ Kd7 26. Rxe8 Qxe8 27. Bf5+ Kc7 28. Qxe8 Bxh2+ 29. Kf1 Rxe8
30. Bxg4 Bd5 31. g3 f5 32. Bf3 1-0

[Event "12e Tournoi de Noël"]
[Site "Montigny le Bretonneux"]
[Date "2009.12.30"]
[Round "6.3"]
[White "Stroppa, Daniel"]
[Black "Goulenok, Eric"]
[Result "1/2-1/2"]
[WhiteElo "2208"]
[BlackElo "2177"]
[Annotator "Rivier,Sylvain"]
[PlyCount "129"]

{Partie du pion dame} 1. d4 Nf6 2. Nf3 g6 3. Nc3 d5 4. Bf4 Bg7 5. e3 c6 6. Be2
O-O 7. O-O Bg4 8. h3 Bxf3 9. Bxf3 Qb6 10. Qd2 Nfd7 11. Na4 Qd8 12. Rfd1 b5 13.
Nc3 Nb6 14. e4 a6 15. b3 e6 16. a4 N8d7 17. a5 Nc8 18. Ne2 Ne7 19. exd5 cxd5
20. c4 bxc4 21. bxc4 Rc8 22. c5 e5 23. Be3 e4 {#} 24. Bxe4 dxe4 25. Nc3 f5 26.
Na4 Nf6 27. Nb6 Nfd5 28. Bg5 Rc6 29. Qa2 Bf6 30. Bxf6 Rfxf6 31. Qc4 Kg7 32.
Qxa6 f4 33. Qb7 Rc7 34. Qa8 Qxa8 35. Nxa8 Ra7 36. Nb6 Kf7 37. Nc4 Rfa6 38. Nd6+
Kg7 39. Nxe4 Rxa5 40. Rxa5 Rxa5 41. Ng5 Ra4 42. Rb1 h6 43. Nf3 Kf6 44. Rb8 Ra1+
45. Kh2 Rf1 46. Rd8 Rxf2 47. Rd6+ Kg7 48. Rd7 Rc2 49. Ne5 Kf6 50. Ng4+ Kf5 51.
Nxh6+ Ke4 52. Nf7 Kxd4 53. Ng5 Ke3 54. Ra7 Nf5 55. Ra3+ Ke2 56. Ra1 Nd4 57. h4
f3 58. gxf3 Nxf3+ 59. Kg3 Nxg5 60. hxg5 Rc3+ 61. Kg4 Rxc5 62. Ra6 Ne3+ 63. Kf4
Rc4+ 64. Ke5 Ng4+ 65. Kd5 1/2-1/2

[Event "12e Tournoi de Noël"]
[Site "Montigny le Bretonneux"]
[Date "2009.12.30"]
[Round "6.4"]
[White "Etrog, Jonathan"]
[Black "Vallobra, Pierre"]
[Result "1/2-1/2"]
[WhiteElo "2178"]
[BlackElo "2055"]
[Annotator "Rivier,Sylvain"]
[PlyCount "80"]

{Défense est-indienne} 1. c4 Nf6 2. Nc3 g6 3. g3 Bg7 4. Bg2 c6 5. e4 d6 6. Nge2
O-O 7. d4 Be6 8. b3 Qc8 9. O-O Bh3 10. f4 Bxg2 11. Kxg2 c5 12. Be3 cxd4 13.
Nxd4 Nc6 14. Nd5 Re8 15. Qd3 Nd7 16. Rad1 Nc5 17. Qc2 Nxd4 18. Bxd4 Bxd4 19.
Rxd4 Ne6 20. Rdd1 Nc7 21. Rc1 Qd7 22. Ne3 Rac8 23. Qd3 Qc6 24. Rfe1 Ne6 25. Nd5
Nc5 26. Qd4 Qa6 27. Rc2 Ne6 28. Qf2 Nc7 29. Rec1 Nxd5 30. cxd5 Rxc2 31. Qxc2 e6
32. Rd1 Qa5 33. dxe6 Rxe6 34. f5 Re8 35. Rxd6 Qe1 36. Rd1 Qa5 37. f6 Qe5 38.
Rf1 h6 39. Rf4 g5 40. Rf5 Qxe4+ {#} 1/2-1/2

[Event "12e Tournoi de Noël"]
[Site "Montigny le Bretonneux"]
[Date "2009.12.30"]
[Round "6.5"]
[White "Thomas, Vincent"]
[Black "Ferreira, Carlos"]
[Result "0-1"]
[WhiteElo "1979"]
[BlackElo "1872"]
[Annotator "Rivier,Sylvain"]
[PlyCount "29"]

{Ouverture anglaise, variante Mikenas-Carls} 1. c4 Nf6 2. Nc3 e6 3. e4 d6 4. g3
b6 5. Bg2 Bb7 6. Nge2 Nbd7 7. O-O g6 8. d4 c5 9. Be3 Ng4 10. Bf4 Bg7 11. Bxd6
cxd4 12. Nxd4 a6 {#} 13. Nxe6 fxe6 14. Qxg4 Qf6 15. e5 0-1

[Event "12e Tournoi de Noël"]
[Site "Montigny le Bretonneux"]
[Date "2009.12.30"]
[Round "6.6"]
[White "Fruchard, Cyrille"]
[Black "Baron, Romuald"]
[Result "0-1"]
[WhiteElo "1660"]
[BlackElo "1984"]
[Annotator "Rivier,Sylvain"]
[PlyCount "100"]

{Défense nimzo-indienne, variante Fischer} 1. d4 Nf6 2. c4 e6 3. Nc3 Bb4 4. e3
b6 5. Nge2 Bb7 6. a3 Bxc3+ 7. Nxc3 O-O 8. f3 d5 9. Bd3 c5 10. cxd5 cxd4 11.
exd4 Nxd5 12. O-O Nd7 13. f4 Qh4 14. Rf2 N7f6 15. Be2 Rac8 16. Qd3 {#} Nxc3 17.
bxc3 Ne4 18. Rf3 Rxc3 19. Qd1 Rxf3 20. Bxf3 Qf2+ 21. Kh1 Nc3 22. Qg1 Qxg1+ 23.
Kxg1 Bxf3 24. gxf3 Ne2+ 25. Kf2 Nxd4 26. Bb2 Nb3 27. Rg1 g6 28. Bf6 Nc5 29. Rd1
Rc8 30. Kg3 Kf8 31. h4 h5 32. f5 exf5 33. Kf4 Ne6+ 34. Ke3 Ke8 35. Rd2 Rc6 36.
Kf2 b5 37. Kg3 a5 38. Kf2 b4 39. axb4 axb4 40. Ke1 b3 41. Kf2 Rc2 42. Ke1 Rxd2
43. Kxd2 Kd7 44. Kc3 g5 45. f4 gxh4 46. Bxh4 Nxf4 47. Kxb3 Ng2 48. Bf2 h4 49.
Kc3 h3 50. Bg1 Ne1 0-1

[Event "12e Tournoi de Noël"]
[Site "Montigny le Bretonneux"]
[Date "2009.12.30"]
[Round "6.7"]
[White "Appavou, Calixte"]
[Black "Msellek, Ilyass"]
[Result "0-1"]
[WhiteElo "1894"]
[BlackElo "1973"]
[Annotator "Rivier,Sylvain"]
[PlyCount "82"]

{Défense sicilienne, variante Löwenthal} 1. e4 c5 2. Nf3 Nc6 3. d4 cxd4 4. Nxd4
e5 5. Nf3 Nf6 6. Bd3 d5 7. exd5 Qxd5 8. O-O Bg4 9. Be2 Qxd1 10. Bxd1 Rd8 11.
Nc3 Bb4 12. Be3 Bxc3 13. bxc3 Nd5 14. h3 Nxe3 15. fxe3 Be6 16. Be2 f6 17. Bb5
Bd7 18. Rfd1 a6 19. Ba4 Ke7 20. Rab1 Na5 21. Rd5 Bxa4 22. Rxa5 Bc6 23. Ra3 Rd7
24. c4 Rhd8 25. Rab3 g5 26. Rf1 Rd1 27. Rb1 {#} Rxf1+ 28. Kxf1 Ke6 29. Ke2 h5
30. g3 g4 31. hxg4 hxg4 32. Nh4 Be4 33. Rb6+ Rd6 34. Rb2 f5 35. c3 Kf6 36. c5
Rd7 37. Rb6+ Bc6 38. a3 Kg5 39. Kf1 f4 40. Ng2 Rd1+ 41. Ne1 fxg3 0-1

[Event "12e Tournoi de Noël"]
[Site "Montigny le Bretonneux"]
[Date "2009.12.30"]
[Round "6.8"]
[White "Claisse, Patrick"]
[Black "Fayolle, Guy"]
[Result "1/2-1/2"]
[WhiteElo "1923"]
[BlackElo "1842"]
[Annotator "Rivier,Sylvain"]
[PlyCount "91"]

{Partie espagnole, défense fermée} 1. e4 e5 2. Nf3 Nc6 3. Bb5 a6 4. Ba4 Nf6 5.
O-O b5 6. Bb3 Be7 7. Re1 d6 8. h3 Na5 9. d4 Nxb3 10. axb3 exd4 11. Nxd4 Bb7 12.
f3 O-O 13. Nf5 Nd7 14. Nxe7+ Qxe7 15. Nc3 Rfe8 16. Bf4 Qf6 17. Qd2 h6 18. Be3
Qg6 19. Nd5 Bxd5 20. Qxd5 Ne5 21. Rf1 c6 22. Qd2 f5 23. f4 Nf7 24. exf5 Qxf5
25. Rf3 d5 26. Rg3 Nd6 27. Qc3 Qd7 28. Bd4 {#} Ne4 29. Rxg7+ Qxg7 30. Bxg7 Nxc3
31. Bxc3 Re2 32. Re1 Rxe1+ 33. Bxe1 Kf7 34. Bc3 Ke6 35. Kf2 Kf5 36. Kf3 c5 37.
g4+ Kg6 38. f5+ Kh7 39. Be5 c4 40. h4 cxb3 41. cxb3 Rd8 42. Ke3 Rg8 43. Kf4 Rd8
44. Ke3 Rg8 45. Kf4 Rd8 46. Ke3 1/2-1/2

[Event "12e Tournoi de Noël"]
[Site "Montigny le Bretonneux"]
[Date "2009.12.30"]
[Round "6.9"]
[White "San Marco, Jean"]
[Black "Hurlot, Rodolphe"]
[Result "1-0"]
[WhiteElo "2008"]
[BlackElo "1745"]
[Annotator "Rivier,Sylvain"]
[PlyCount "79"]

{Partie du pion dame} 1. d4 Nf6 2. Nf3 d5 3. Bf4 Bf5 4. e3 e6 5. Bd3 Bxd3 6.
Qxd3 c6 7. Nbd2 Bd6 8. Ne5 Bxe5 9. Bxe5 O-O 10. h3 Nbd7 11. Bh2 Rc8 12. O-O c5
13. c3 cxd4 14. exd4 Rc6 15. b3 b5 16. a4 a6 17. axb5 axb5 18. Qxb5 Rxc3 {#}
19. Bd6 Re8 20. Rac1 Rxc1 21. Rxc1 Qb6 22. Qxb6 Nxb6 23. Rc7 Ra8 24. Rb7 Nbd7
25. Nf3 g6 26. g4 h6 27. h4 Nf8 28. Ne5 Rc8 29. f3 Rc3 30. Rb8 N6h7 31. Nd7
Rxf3 32. Nxf8 Nxf8 33. Rxf8+ Kg7 34. Rb8 Rh3 35. g5 hxg5 36. hxg5 Rf3 37. Be5+
f6 38. Bxf6+ Kf7 39. b4 Rb3 40. b5 1-0

[Event "12e Tournoi de Noël"]
[Site "Montigny le Bretonneux"]
[Date "2009.12.30"]
[Round "6.10"]
[White "Conq, Alain"]
[Black "Bouvier, Clement"]
[Result "1/2-1/2"]
[WhiteElo "1886"]
[BlackElo "1776"]
[Annotator "Rivier,Sylvain"]
[PlyCount "87"]

{Partie du pion dame} 1. d4 d5 2. Nf3 Nf6 3. Bf4 e6 4. e3 a6 5. Bd3 c5 6. c3
cxd4 7. exd4 Bd6 8. Ne5 Nc6 9. Nd2 h6 10. Ndf3 g5 11. Nxc6 bxc6 12. Bxd6 Qxd6
13. Ne5 Nd7 14. Qe2 Nxe5 15. Qxe5 Qxe5+ 16. dxe5 {#} Rb8 17. O-O-O c5 18. h4
Rg8 19. hxg5 hxg5 20. Rh6 Bb7 21. g3 Ke7 22. Be2 a5 23. Bh5 g4 24. Rf6 Rbf8 25.
Rf4 f5 26. exf6+ Rxf6 27. Rxg4 Rxg4 28. Bxg4 Rxf2 29. Re1 Rf6 30. Bh5 Ba6 31.
Be2 Bc8 32. g4 Rf2 33. a3 c4 34. Bd1 Kd6 35. Rg1 e5 36. g5 Rf7 37. g6 Rg7 38.
Ba4 Bf5 39. Be8 Be4 40. Bf7 Ke7 41. Rd1 Kd6 42. Rg1 Ke7 43. Rd1 Kd6 44. Rg1
1/2-1/2

[Event "12e Tournoi de Noël"]
[Site "Montigny le Bretonneux"]
[Date "2009.12.30"]
[Round "6.11"]
[White "Le Grix De La Salle, Jean-Marie"]
[Black "Branson, James"]
[Result "0-1"]
[WhiteElo "1869"]
[BlackElo "1674"]
[Annotator "Rivier,Sylvain"]
[PlyCount "71"]

{Gambit dame, défense Cambridge- Springs} 1. d4 Nf6 2. c4 e6 3. Nf3 d5 4. Bg5
c6 5. Nc3 Nbd7 6. e3 Qa5 7. cxd5 Nxd5 8. Qd2 Nxc3 9. bxc3 b5 10. Bd3 Bb7 11.
O-O c5 12. e4 cxd4 13. Nxd4 b4 14. Bb5 Bc8 15. c4 Qc7 16. Nc6 f6 17. Bf4 Qb6
18. Bd6 Kf7 19. Qxb4 Ne5 20. Bxf8 Rxf8 21. Qe7+ Kg8 22. Nxe5 fxe5 23. Rad1 Rb8
24. Be8 Qb4 {#} 25. Bf7+ Kh8 26. c5 Ba6 27. Rfe1 Qb2 28. Qd6 g6 29. Qxe6 Kg7
30. Rd7 Rb7 31. Be8+ Rxd7 32. Qxd7+ Kh8 33. Bf7 Bc4 34. Qd1 Rxf7 35. f3 Qd4+
36. Qxd4 0-1

[Event "12e Tournoi de Noël"]
[Site "Montigny le Bretonneux"]
[Date "2009.12.30"]
[Round "6.12"]
[White "Mourgues, Joelle"]
[Black "Danzanvilliers, Patrice"]
[Result "1/2-1/2"]
[WhiteElo "1792"]
[BlackElo "1855"]
[Annotator "Rivier,Sylvain"]
[PlyCount "94"]

{Début Réti} 1. Nf3 f5 2. g3 Nf6 3. Bg2 g6 4. d3 Bg7 5. c3 O-O 6. O-O d6 7.
Nbd2 e5 8. e4 fxe4 9. dxe4 h6 10. h4 Be6 11. Qe2 Qd7 12. a4 Nc6 13. Kh2 Ng4+
14. Kh1 a6 15. Nc4 Qf7 16. Ne3 Nxe3 17. Qxe3 Qd7 18. a5 Rf6 19. Nd2 Raf8 20.
Kg1 Qf7 21. f3 h5 22. b4 Kh7 23. Nb1 Bg4 24. Na3 Bxf3 25. Bh3 Bg4 26. Rxf6 Qxf6
27. Bg2 Be6 28. Bd2 Qe7 29. Rf1 Rxf1+ 30. Bxf1 d5 31. exd5 Bxd5 32. c4 Be6 33.
Bd3 Qf7 34. Be4 Bh3 35. Qe2 Bg4 36. Qf2 Qd7 37. Qe3 Qd4 38. Qxd4 exd4 39. Kf2
Bc8 40. b5 axb5 41. cxb5 {#} Ne5 42. Nc2 Nc4 43. Bb4 Be5 44. Be1 Nd6 45. Bd3
Bd7 46. Na3 Bc8 47. Nc4 Nxc4 1/2-1/2

[Event "12e Tournoi de Noël"]
[Site "Montigny le Bretonneux"]
[Date "2009.12.30"]
[Round "6.13"]
[White "Mongey, Alain"]
[Black "Brisson, Pascal"]
[Result "0-1"]
[WhiteElo "1613"]
[BlackElo "1826"]
[Annotator "Rivier,Sylvain"]
[PlyCount "66"]

{Ouverture du pion dame} 1. d4 Nf6 2. Bg5 Ne4 3. Bh4 c5 4. Nd2 Qa5 5. c3 Nxd2
6. Qxd2 cxd4 7. Qxd4 Nc6 8. Qd2 e6 9. Nf3 d5 10. e3 Be7 11. Bg3 Bd7 12. Be2 b5
13. O-O O-O 14. Ne5 Rfd8 15. Qc2 Nxe5 16. Bxe5 f6 17. Bg3 b4 18. cxb4 Bxb4 19.
a3 Be7 20. b4 Qb6 21. Bd3 Rac8 {#} 22. Bxh7+ Kh8 23. Qb1 f5 24. Bg6 Bf6 25. Ra2
Rc4 26. Qd1 Kg8 27. Rc2 Ba4 28. Rxc4 Bxd1 29. Rc1 Be2 30. Rfe1 Bc4 31. Bh5 Qa6
32. Bc7 Rc8 33. Ba5 Bd8 0-1

[Event "12e Tournoi de Noël"]
[Site "Montigny le Bretonneux"]
[Date "2009.12.30"]
[Round "6.15"]
[White "Jean, Robert"]
[Black "Guillot, Alain"]
[Result "1-0"]
[WhiteElo "1809"]
[BlackElo "1759"]
[Annotator "Rivier,Sylvain"]
[PlyCount "57"]

{Défense est-indienne, variante Sämisch} 1. c4 Nf6 2. Nc3 g6 3. e4 d6 4. d4 Bg7
5. f3 O-O 6. Bg5 c5 7. d5 Nfd7 8. Nh3 h6 9. Be3 a6 10. Nf2 Nb6 11. Qd2 Kh7 12.
Bd3 N8d7 13. f4 e5 14. f5 g5 15. g3 Nf6 16. Be2 Bd7 17. h4 g4 18. h5 Rg8 19. b3
Bf8 20. Qd1 {#} Nxe4 21. Nfxe4 Bxf5 22. Bd3 Bxe4 23. Bxe4+ Kh8 24. Rf1 f6 25.
Qd2 Nc8 26. Bxh6 Ne7 27. Rxf6 Qd7 28. Bxf8 Rgxf8 29. Qh6+ 1-0

[Event "12e Tournoi de Noël"]
[Site "Montigny le Bretonneux"]
[Date "2009.12.30"]
[Round "6.16"]
[White "Verkarre, Sylvie"]
[Black "Kuhar, Carl"]
[Result "0-1"]
[WhiteElo "1520"]
[BlackElo "1787"]
[Annotator "Rivier,Sylvain"]
[PlyCount "80"]

{Défense sicilienne, gambit Morra} 1. e4 c5 2. f4 d6 3. Nf3 Nc6 4. Bb5 Qc7 5.
O-O Bd7 6. Nc3 Nf6 7. d3 g6 8. h3 Bg7 9. Bxc6 Bxc6 10. a4 a6 11. Ne2 O-O 12. c3
b5 13. axb5 axb5 14. Rxa8 Rxa8 15. Be3 c4 {#} 16. Ned4 cxd3 17. Nxc6 Qxc6 18.
Qxd3 Nxe4 19. Bd4 Qd5 20. Rd1 Nc5 21. Qxb5 Bh6 22. Qf1 Bxf4 23. Qe2 Ne6 24. Kf2
Ra2 25. g3 Bh6 26. Ke1 Nxd4 27. Rxd4 Qb7 28. Rb4 Ra1+ 29. Kf2 Qa7+ 30. Kg2 e5
31. h4 Bf8 32. Qf2 Qa8 33. Kh2 e4 34. Ng5 f5 35. Qd4 e3 36. Qc4+ Kh8 37. Qd4+
Bg7 38. Nf7+ Kg8 39. Nh6+ Bxh6 40. Qc4+ Kf8 0-1